कनक आणि कामिनी (Record no. 829418)

MARC details
000 -LEADER
fixed length control field 00583nam a2200169Ia 4500
008 - FIXED-LENGTH DATA ELEMENTS--GENERAL INFORMATION
fixed length control field 110201s9999 xx 000 0 und d
082 ## - DEWEY DECIMAL CLASSIFICATION NUMBER
Item number B2476
Classification number K 1245
100 ## - MAIN ENTRY--PERSONAL NAME
Personal name देवकुळे जयंत ग.
245 ## - TITLE STATEMENT
Title कनक आणि कामिनी
260 ## - PUBLICATION, DISTRIBUTION, ETC. (IMPRINT)
Name of publisher, distributor, etc श्री विशाखा प्रकाशन
365 ## - TRADE PRICE
Price amount 14
600 ## - SUBJECT ADDED ENTRY--PERSONAL NAME
Personal name देवकुळे जयंत ग.
630 ## - SUBJECT ADDED ENTRY--UNIFORM TITLE
Uniform title कनक आणि कामिनी
700 ## - ADDED ENTRY--PERSONAL NAME
Personal name देवकुळे जयंत ग.
730 ## - ADDED ENTRY--UNIFORM TITLE
Uniform title कनक आणि कामिनी
942 ## - ADDED ENTRY ELEMENTS (KOHA)
Koha item type Book
Holdings
Withdrawn status Lost status Damaged status Not for loan Home library Current library Date acquired Cost, normal purchase price Total Checkouts Barcode Date last seen Cost, replacement price Price effective from Koha item type
        Prof.Manikrao Kirtane Vachanalaya, Vashi, Navi Mumbai Prof.Manikrao Kirtane Vachanalaya, Vashi, Navi Mumbai 02/01/2011 14.00   PMKV-B2476 02/01/2011 14.00 02/01/2011 Book